01665nam a2200289 a 4500001001000000005001700010008004100027041000800068044000700076084002000083100004500103245019300148260004200341300002200383500023800405500011500643500024900758500004701007500001001054546002401064650005201088650005601140650003401196650004501230700005001275740005001325BRCA_323220190320204157.0060309s1796----ie-a---###---#000-0#eng-# aeng aie a533b.C43c17961 aCervantes Saavedra, Miguel ded1547-161610aThe History and Adventures of the Renowned Don QuixotecTranslated from the Spanish of Miguel de Cervantes Saavedra to which is prefixed, some Account of the Author´s Life by T. Smollett. aDublin (Irlanda)bJohn Chambersc1796 a4 v.bil.c22 cm. aContenido : v.1. Primera parte. Retrato de Cervantes. Dedicatoria de Smollett. Vida de Cervantes. Nota del editor. Prólogo del autor. -- v.2. Texto. -- v.3. Segunda parte. Prólogo del autor. Aprobaciones y licencia. -- v.4. Texto aEdición : Ornamented with Engravings by the first Masters from the Designs of the Madrid Royal Academy, etc. aBella edición de la traducción de Smollett, adornada con las láminas de la Academia Española. El retrato de Cervantes está dibujado por José del Castillo. Plena piel; lomeras adornadas con florones y filetes dorados Lúdovik Osterc aCon ex-libris de : Fetherstonhaugh Briscoe aQM427 aTexto en : inglés14aNovela españolayÉpoca clásica, 1500-170014aLiteratura españolayÉpoca clásica, 1500-170014aNovela españolaySiglo XVII14aDon Quijote (Personaje ficticio)eNovela1 aSmollett, Tobias Georged1721-1771eTraductor0 aEl Ingenioso Hidalgo Don Quijote de la Mancha